000
00255nam a2200109Ia 4500
008
220204s9999 xx 000 0 und d
082
_a
658.8(035)
_b
STA
245
0
_a
Marketing handbook
260
_b
Grower
_c
1974
700
_a
Stapleton, John
942
_c
BK
999
_c
23869
_d
23869